<?xml version="1.0" encoding="UTF-8"?>
<record
    xmlns:xsi="http://www.w3.org/2001/XMLSchema-instance"
    xsi:schemaLocation="http://www.loc.gov/MARC21/slim http://www.loc.gov/standards/marcxml/schema/MARC21slim.xsd"
    xmlns="http://www.loc.gov/MARC21/slim">

  <leader>00654nam a22001697a 4500</leader>
  <controlfield tag="005">20230906153128.0</controlfield>
  <datafield tag="010" ind1=" " ind2=" ">
    <subfield code="a">HIN-125865 HIN-125864</subfield>
  </datafield>
  <datafield tag="020" ind1=" " ind2=" ">
    <subfield code="c">140.00</subfield>
    <subfield code="a">9386947870</subfield>
  </datafield>
  <datafield tag="035" ind1=" " ind2=" ">
    <subfield code="a">HN-98211 HN-98210</subfield>
  </datafield>
  <datafield tag="082" ind1=" " ind2=" ">
    <subfield code="a">821</subfield>
  </datafield>
  <datafield tag="100" ind1=" " ind2=" ">
    <subfield code="a">&#x91A;&#x93E;&#x935;&#x932;&#x93E;, &#x915;&#x936;&#x94D;&#x92E;&#x940;&#x930;&#x940; &#x932;&#x93E;&#x932; </subfield>
    <subfield code="9">56074</subfield>
  </datafield>
  <datafield tag="245" ind1=" " ind2=" ">
    <subfield code="a">&#x92F;&#x93E;&#x926;&#x94B;&#x902; &#x915;&#x947; &#x938;&#x93E;&#x92F;&#x947;  /</subfield>
    <subfield code="c">&#x915;&#x936;&#x94D;&#x92E;&#x940;&#x930;&#x940; &#x932;&#x93E;&#x932; &#x91A;&#x93E;&#x935;&#x932;&#x93E;</subfield>
  </datafield>
  <datafield tag="260" ind1=" " ind2=" ">
    <subfield code="a">Barnala </subfield>
    <subfield code="b">Tark bharti Parkashan</subfield>
    <subfield code="c">2018</subfield>
  </datafield>
  <datafield tag="270" ind1=" " ind2=" ">
    <subfield code="a">old sabzi mandi kacha college road opposite st no 8 </subfield>
    <subfield code="b">Barnala</subfield>
    <subfield code="e">148101</subfield>
  </datafield>
  <datafield tag="300" ind1=" " ind2=" ">
    <subfield code="a">96  p </subfield>
    <subfield code="c">23 cm(&#x938;&#x91C;&#x93F;&#x932;&#x94D;&#x926;)</subfield>
    <subfield code="b">Index</subfield>
  </datafield>
  <datafield tag="942" ind1=" " ind2=" ">
    <subfield code="2">ddc</subfield>
    <subfield code="c">HN</subfield>
    <subfield code="h">821</subfield>
    <subfield code="m">&#x91A;&#x93E;&#x935;&#x932;&#x93E;</subfield>
  </datafield>
  <datafield tag="999" ind1=" " ind2=" ">
    <subfield code="c">197933</subfield>
    <subfield code="d">197933</subfield>
  </datafield>
  <datafield tag="952" ind1=" " ind2=" ">
    <subfield code="0">0</subfield>
    <subfield code="1">0</subfield>
    <subfield code="4">0</subfield>
    <subfield code="7">0</subfield>
    <subfield code="8">NFIC</subfield>
    <subfield code="a">DBAD</subfield>
    <subfield code="b">M</subfield>
    <subfield code="d">2023-09-06</subfield>
    <subfield code="e">DBAD/PUB</subfield>
    <subfield code="g">140.00</subfield>
    <subfield code="l">0</subfield>
    <subfield code="o">821 &#x91A;&#x93E;&#x935;&#x932;&#x93E;</subfield>
    <subfield code="p">HN-98211</subfield>
    <subfield code="r">2023-09-06 00:00:00</subfield>
    <subfield code="t">1</subfield>
    <subfield code="v">140.00</subfield>
    <subfield code="w">2023-09-06</subfield>
    <subfield code="y">HN</subfield>
  </datafield>
  <datafield tag="952" ind1=" " ind2=" ">
    <subfield code="0">0</subfield>
    <subfield code="1">0</subfield>
    <subfield code="4">0</subfield>
    <subfield code="7">0</subfield>
    <subfield code="8">NFIC</subfield>
    <subfield code="a">CJ</subfield>
    <subfield code="b">CJ</subfield>
    <subfield code="d">2023-09-06</subfield>
    <subfield code="e">DBAD/PUB</subfield>
    <subfield code="g">140.00</subfield>
    <subfield code="l">0</subfield>
    <subfield code="o">821 &#x91A;&#x93E;&#x935;&#x932;&#x93E;</subfield>
    <subfield code="p">HN-98210</subfield>
    <subfield code="r">2023-09-06 00:00:00</subfield>
    <subfield code="t">1</subfield>
    <subfield code="v">140.00</subfield>
    <subfield code="w">2023-09-06</subfield>
    <subfield code="y">HN</subfield>
  </datafield>
</record>
